The aims of argument : a text and reader /

Đã lưu trong:
書目詳細資料
主要作者: Crusius, Timothy W., 1950-
其他作者: Channell, Carolyn E.
格式: Sách giấy
出版: Boston : McGraw-Hill, 2003
版:4th ed.
主題:
在線閱讀:Table of contents
Publisher description
標簽: 添加標簽
沒有標簽, 成為第一個標記此記錄!
Thư viện lưu trữ: Thư viện Trường Đại học Đà Lạt
LEADER 01295nam a2200397 4500
001 DLU050047862
005 ##20050613
008 ##020214s2003 mauabf b 001 0 eng
010 # # |a  2002023041 
020 # # |a 0767430360 (acid-free paper) 
040 # # |a DLC  |c DLC  |d DLC 
050 # # |a PE1431  |b .C78 2003 
082 # # |a 808.042  |b CR-T 
100 # # |a Crusius, Timothy W.,  |d 1950- 
245 # # |a The aims of argument :  |b a text and reader /  |c Timothy W. Crusius, Carolyn E. Channell 
250 # # |a 4th ed. 
260 # # |a Boston :  |b McGraw-Hill,  |c 2003 
300 # # |a xxxiv, 894, [32] p., 8 p. of plates :  |b ill. (some col.) , maps :  |c 24 cm. 
504 # # |a Includes bibliographical references and index. 
650 # # |a College readers. 
650 # # |a English language  |x Rhetoric. 
650 # # |a Persuasion (Rhetoric) 
650 # # |a Report writing. 
700 # # |a Channell, Carolyn E. 
856 # # |3 Table of contents  |u http://www.loc.gov/catdir/toc/mh023/2002023041.html 
856 # # |3 Publisher description  |u http://www.loc.gov/catdir/description/mh024/2002023041.html 
923 # # |a 18/2005 
992 # # |a 48500 
994 # # |a DLU 
900 # # |a True 
911 # # |a Nguyễn Thị Tố Hạnh 
925 # # |a G 
926 # # |a A 
927 # # |a SH 
980 # # |a Thư viện Trường Đại học Đà Lạt